000 00376nab a22001097u 4500
008 130520b1988 xxu||||| |||| 00| 0 spa d
041 _aspa
100 1 _aWeiler, Anton G.
_924391
245 0 0 _aLa cristiandad y los otros. La teoría medieval de la guerra santa y la guerra justa
_cAnton G. Weiler
773 0 _tConcilium
_gV.2,1988,págs.463-473
_x0210-1041
_wRev134
942 _cAR
999 _c355437
_d355437